| 000 | 00582nam a2200181 a 4500 | ||
|---|---|---|---|
| 001 | ASIN8171336582 | ||
| 008 | 130928s2005 xxu eng d | ||
| 020 | _a8171336582 (paperback) | ||
| 020 | _a9788171336586 (paperback) | ||
| 082 | 0 | 4 | _a570.711 |
| 100 | 1 | _aSastry, K.V. | |
| 245 | 1 | 0 |
_aAnimal physiology and biochemistry / _cK.V. Sastry. |
| 260 |
_a[S.l.] : _bRastogi Publications, _c2005. |
||
| 300 | _a870 p. | ||
| 650 | 0 |
_aBiochemistry _xStudy and teaching (Higher) |
|
| 650 | 0 |
_aPhysiology _xStudy and teaching (Higher) |
|
| 650 | 0 |
_aZoology _xStudy and teaching (Higher) |
|
| 999 |
_c31047 _d265547 |
||